000 00271nam a2200121Ia 4500
005 20251222154323.0
008 251222s9999||||xx |||||||||||||| ||spa||
082 _a580/V63
100 _a"Vidal, Jorge"
245 0 _aCurso de botĂșnica
250 _a28a.ed.
942 _cLIB
999 _c33846
_d33846